| 000 | 00388nam a22001697a 4500 | ||
|---|---|---|---|
| 003 | NUST | ||
| 020 | _a8179923959 | ||
| 038 | _akhadija | ||
| 082 |
_a658.503 _bLEO |
||
| 100 |
_a Leone, Gerard. _986007 |
||
| 245 |
_aProductivity Techniques / _cGerard Leone |
||
| 260 |
_aNew Delhi : _bJaico Publisher |
||
| 300 | _a225 p. ; | ||
| 500 | _aHardcover. | ||
| 563 | _aHB | ||
| 942 |
_cBK _2ddc |
||
| 999 |
_c32891 _d32891 |
||